ブロスタキャラ名クイズ - Statistics

General Stats
  • This quiz has been taken 25 times
  • The average score is 61 of 104
Answer Stats
希少性 解答 % Correct
レア
ブル
87%
スーパーレア
ダイナマイク
87%
ハイパーレア
エドガー
87%
先発キャラクター
シェリー
87%
レア
ニタ
87%
レア
コルト
80%
レア
バーリー
80%
スーパーレア
ジェシー
80%
ハイパーレア
コレット
80%
ウルトラレア
バイロン
80%
ウルトラレア
モー
80%
ウルトラレア
ダミアン
80%
レジェンドレア
クロウ
80%
ウルトラレジェンドレア
シリウス
80%
スーパーレア
ガス
73%
ハイパーレア
エリザベス
73%
ハイパーレア
マンディ
73%
ウルトラレア
モーティス
73%
ウルトラレア
ダグ
73%
レジェンドレア
レオン
73%
レジェンドレア
アンバー
73%
レジェンドレア
キット
73%
レジェンドレア
ドラコ
73%
レジェンドレア
ケンジ
73%
ウルトラレジェンドレア
カゼ
73%
スーパーレア
8ビット
73%
レア
エル・プリモ
67%
レア
ポコ
67%
レア
ローサ
67%
スーパーレア
ティック
67%
スーパーレア
ジャッキー
67%
ハイパーレア
ボウ
67%
ハイパーレア
フランケン
67%
ハイパーレア
ビビ
67%
ハイパーレア
ビー
67%
ハイパーレア
ベリー
67%
ウルトラレア
ファング
67%
ウルトラレア
ミコ
67%
ウルトラレア
アリー
67%
ウルトラレア
ナジア
67%
レジェンドレア
スパイク
67%
レジェンドレア
ピアス
67%
ハイパーレア
Emz
67%
レア
ブロック
60%
スーパーレア
ダリル
60%
スーパーレア
カール
60%
ハイパーレア
グリフ
60%
ハイパーレア
ベル
60%
ハイパーレア
ラリー&ローリー
60%
ウルトラレア
タラ
60%
ウルトラレア
ジャネット
60%
ウルトラレア
オーティス
60%
ウルトラレア
ミナ
60%
ウルトラレア
ジジ
60%
ウルトラレア
グローウィー
60%
レジェンドレア
サージ
60%
レジェンドレア
チェスター
60%
スーパーレア
リコ
53%
スーパーレア
ペニー
53%
ハイパーレア
パム
53%
ハイパーレア
ナーニ
53%
ハイパーレア
グロム
53%
ハイパーレア
シェイド
53%
ハイパーレア
トランク
53%
ウルトラレア
バズ
53%
ウルトラレア
ウィロー
53%
ウルトラレア
チャック
53%
ウルトラレア
チャーリー
53%
ウルトラレア
ジュジュ
53%
ウルトラレア
ルミ
53%
ウルトラレア
ジギー
53%
レジェンドレア
サンディ
53%
レジェンドレア
メグ
53%
ウルトラレア
ミスターP
53%
ウルトラレア
R-T
53%
ハイパーレア
ローラ
47%
ハイパーレア
サム
47%
ハイパーレア
ハンク
47%
ハイパーレア
アンジェロ
47%
ウルトラレア
ジーン
47%
ウルトラレア
スプラウト
47%
ウルトラレア
スクウィーク
47%
ウルトラレア
ルー
47%
ウルトラレア
グレイ
47%
ウルトラレア
メロディー
47%
ウルトラレア
リリー
47%
ウルトラレア
スターノヴァ
47%
レジェンドレア
コーデリアス
47%
ハイパーレア
ストゥー
40%
ハイパーレア
ボニー
40%
ハイパーレア
アッシュ
40%
ハイパーレア
メイジー
40%
ハイパーレア
ミープル
40%
ウルトラレア
ラフス
40%
ウルトラレア
バスター
40%
ウルトラレア
クランシー
40%
ウルトラレア
フィンクス
40%
ウルトラレア
MAX
40%
ハイパーレア
ゲイル
33%
ハイパーレア
パール
33%
ウルトラレア
イヴ
33%
ウルトラレア
ジェヨン
33%
ウルトラレア
オーリー
27%
ハイパーレア
ボルト
13%
No matching quizzes found
Score Distribution
Percent of People with Each Score
Percentile by Number Answered
Your Score History
You have not taken this quiz